000 00333nam a22001577a 4500
020 _a81-921297-2-1
082 _a642
_bSHA
100 _aSHARMA, SUMAN
245 _aTHE PROFESSIONAL WAITER
250 _a1ST
260 _aDELHI
_bNAMAN
_c2012
300 _a224
650 _aHOTEL MANAGEMENT
653 _aWAITER
942 _2ddc
_cBK
999 _c8054
_d8054